| 000 | 00456nam a2200121Ia 4500 | ||
|---|---|---|---|
| 008 | 160712s9999 xx 000 0 und d | ||
| 100 | _aBaytan, Ronald. | ||
| 245 |
_cRonald Baytan _aIntensities of Signs: An Interview with the Visionary Cirilo F. Bautista |
||
| 260 |
_c2012 _bLikhaan: The Journal of Contemporary Philippine Literature |
||
| 300 | _avol. 6 | ||
| 650 | _xINTERVIEW | ||
| 856 | _uhttp://journals.upd.edu.ph/index.php/lik/issue/view/536/showToc | ||
| 999 |
_c297438 _d297438 |
||